|
|
|
|
| LEADER |
00717nab a2200181 i 4500 |
| 001 |
misc74009 |
| 005 |
20250207113840.0 |
| 008 |
231211s1974 hu o 000 eng d |
| 040 |
|
|
|a SZTE Miscellanea Repozitórium
|b hun
|
| 041 |
|
|
|a eng
|
| 100 |
2 |
|
|a Szent-Györgyi Albert
|
| 245 |
1 |
0 |
|a Research grants
|h [elektronikus dokumentum] /
|c Szent-Györgyi Albert
|
| 260 |
|
|
|a Johns Hopkins University Press
|b Baltimore, Maryland
|c 1974
|
| 300 |
|
|
|a 41-43
|
| 490 |
0 |
|
|a Perspectives in Biology and Medicine
|v 18 No. 1
|
| 561 |
|
|
|a Szent-Györgyi Albert tudományos és egyéb írásai
|
| 695 |
|
|
|a Tudományos kutatómunka, Kutatási ösztöndíjak
|
| 856 |
4 |
0 |
|u http://misc.bibl.u-szeged.hu/74009/1/szgya_magyar_395.pdf
|z Dokumentum-elérés
|